| 000 | 00632nam a2200217 i 4500 | ||
|---|---|---|---|
| 001 | 10338 | ||
| 003 | ES-MaACL | ||
| 005 | 20260518181500.0 | ||
| 007 | t| | ||
| 008 | 950508s1993 sp |||| |dspa d | ||
| 020 | _a84-204-2799-3 | ||
| 080 | _a82-6"19" | ||
| 100 | 1 |
_aBlixen, Karen, _d1885-1962 _944835 |
|
| 245 | 1 | 0 |
_aCartas de África / _cIsak Dinesen ; traducción de Jesús Pardo. |
| 260 |
_aMadrid : _bAlfaguara, _cD.L. 1993. |
||
| 300 |
_a444 p. ; _c24 cm. |
||
| 600 | 1 | 4 |
_aBlixen, Karen, _d1885-1962 _944835 |
| 700 | 1 |
_aPardo, Jesús, _d1927-2020 _9138804 |
|
| 852 |
_aES-MaACL _jL-17808 |
||
| 999 |
_c10338 _d10338 |
||